000 00974nam a2200217Ii 4500
003 JO-AjNU
008 230605s9999||||xx |||||||||||||| ||und||
040 _aJO-AjNU
_bara
_erda
_cJO-AjNU
041 _aara
050 1 4 _aBP161.2.Q7798 1997
100 3 _aالقرضاوي، يوسف,
_eauthor
_98157
245 0 0 _aشمول الإسلام في ضوء شرح علمي مفصل للأصول العشرين للإمام الشهيد حسن البنا
250 _aط3
264 3 1 _aبيروت:مؤسسة الرسالة للطباعة والنشر، 1997
300 _a127ص
336 _atext
_btxt
_2rdacontent
337 _aunmediated
_bn
_2rdamedia
338 _avolume
_bnc
_2rdacarrier
490 0 _aنحو وحدة فكرية للعاملين للاسلام1
650 4 _aالدعوة الاسلامية- الاسلام والسياسة- الاسلام والقومية العربية- الوحدة الاسلامية- الاخوان المسلمون- تاريخ
_98158
999 _aA646
_c4214
_d4214